• 首页
  • 本馆介绍
  • 公告通知
  • 最新文献
  • 馆藏检索
  • 电子资源
  • 读者导购
  • 参考咨询
  • 我的图书馆
  • 登录
  • 详细信息显示
  • 放入我的书架
  • 预约/预借图书
  • 作者相关作品
  • 分类相关作品
  • 丛书相关作品
  • 出版社相关作品

书目信息

  • 表格格式
  • 工作单格式
  • 卡片格式
题名:
住宅弱电系统设计教程
    
 
作者: 李英姿 编著
分册:  
出版信息: 北京   机械工业出版社  2006
页数: 265页
开本: 26cm
丛书名:
单 册:
中图分类: TU855
科图分类:
主题词: 住宅--电子设备--自动化系统--设计--教材 , 住宅 , 电子设备 , 自动化系统
电子资源:
ISBN: 7-111-17929-3
000 00948nam0 2200277 450
001 003107360
005 20070807164004.01
010    @a7-111-17929-3@dCNY29.00
035    @a003107360
100    @a20060104d2006 em y0chiy0110 ea
101 0  @achi
102    @aCN@b110000
105    @aa z 000yy
106    @ar
200 1  @a住宅弱电系统设计教程@Azhu zhai ruo dian xi tong she ji jiao cheng@f李英姿等编著@Fli ying zi deng bian zhu
210    @a北京@c机械工业出版社@d2006
215    @a265页@c图@d26cm
330    @a本书以国家民用住宅建设弱电领域设计标准和规范为依据,全面介绍了住宅建筑弱电施工图设计、住宅小区的智能化系统设计等方面的设计规范、设计要求、设计思想、设计方法和设计内容。
606 0  @a住宅@x电子设备@x自动化系统@x设计@j教材
606 0  @a住宅
606 0  @a电子设备
606 0  @a自动化系统
690    @aTU855@v4
701  0 @a李英姿@Ali ying zi@c(建筑电气工程)@4编著
801  0 @aCN@bNLC@c20070807
905    @dTU855@e437@f1
    
    住宅弱电系统设计教程/李英姿等编著.-北京:机械工业出版社,2006
    265页:图;26cm
    
    
    ISBN 7-111-17929-3:CNY29.00
    本书以国家民用住宅建设弱电领域设计标准和规范为依据,全面介绍了住宅建筑弱电施工图设计、住宅小区的智能化系统设计等方面的设计规范、设计要求、设计思想、设计方法和设计内容。
●
相关链接 在E读中查询图书 在五车中查询图书 在当当中查询图书 在豆瓣中查询图书


正题名:住宅弱电系统设计教程     索取号:TU855/437         预约/预借

序号 登录号 条形码 馆藏地/架位号 状态 备注
1 0853268   208532685   第二样本阅览室/ [索取号:TU855/437] 在馆    
唐山师范学院图书馆 欢迎您!
大连网信软件有限公司© 版权所有